MEDICINE PREP MANUAL FOR UNDERGRADUATES (Record no. 18736)

MARC details
000 -LEADER
fixed length control field 00376nam a22001577a 4500
003 - CONTROL NUMBER IDENTIFIER
control field SGT
020 ## - INTERNATIONAL STANDARD BOOK NUMBER
International Standard Book Number 978-81-312-5501-8
082 ## - DEWEY DECIMAL CLASSIFICATION NUMBER
Classification number 616.024
Item number M19M
100 ## - MAIN ENTRY--PERSONAL NAME
Personal name MATHEW, K. GEORGE
245 ## - TITLE STATEMENT
Title MEDICINE PREP MANUAL FOR UNDERGRADUATES
250 ## - EDITION STATEMENT
Edition statement 6TH
260 ## - PUBLICATION, DISTRIBUTION, ETC. (IMPRINT)
Place of publication, distribution, etc INDIA
Name of publisher, distributor, etc ELSEVIER PUB
Year of Publication 2019
300 ## - PAGE DESCRIPTION
No. of Pages 1064
650 ## - SUBJECT ADDED ENTRY--TOPICAL TERM
Topical term or geographic name as entry element GENERAL MEDICINE
942 ## - ADDED ENTRY ELEMENTS (KOHA)
Source of classification or shelving scheme Dewey Decimal Classification
Koha item type Books
942 ## - ADDED ENTRY ELEMENTS (KOHA)
-- 71
Holdings
Withdrawn status Lost status Source of classification or shelving scheme Damaged status Not for loan Collection code Home library Current library Shelving location Date acquired Vendor Name Cost, normal purchase price SGTU Bill Number Total Checkouts Full call number Accession No. (Barcode) Date last seen Date last borrowed Bill Date Koha item type Total Renewals
    Dewey Decimal Classification     MEDICAL SGT Medical Library SGT Medical Library Reference Book 03/08/2019 ABC DELHI 995.00 SGTU 11141 54 616.024 M19M FM11663 24/04/2026 24/04/2026 03/07/2019 Books  
    Dewey Decimal Classification   Not For Loan MEDICAL SGT Medical Library SGT Medical Library Reference Book 03/08/2019 ABC DELHI 995.00 SGTU 11141 11 616.024 M19M FM11664 24/01/2026 08/05/2025 03/07/2019 Books  
    Dewey Decimal Classification     MEDICAL SGT Medical Library SGT Medical Library Reference Book 03/08/2019 ABC DELHI 995.00 SGTU 11141 38 616.024 M19M FM11665 31/03/2026 30/03/2026 03/07/2019 Books 1